Top 5 państw w produkcji owoców - Statystyki

Ogólne statystyki
  • Ten quiz został rozwiązany 62 razy
  • Średni wynik to 35 z 50
Statystyki odpowiedzi
Grupa Odpowiedź % Poprawnych
Jabłko Polska
100%
Malina Polska
100%
Winogrono Hiszpania
94%
Banan Brazylia
92%
Pomarańcz Brazylia
92%
Ananas Brazylia
92%
Winogrono Włochy
92%
Kiwi Włochy
92%
Winogrono Francja
90%
Jabłko USA
90%
Winogrono USA
90%
Malina USA
90%
Pomarańcz USA
90%
Borówka USA
90%
Jabłko Chiny
88%
Banan Chiny
88%
Winogrono Chiny
88%
Pomarańcz Chiny
88%
Kiwi Chiny
88%
Ananas Chiny
88%
Borówka Kanada
84%
Malina Rosja
84%
Kiwi Grecja
78%
Jabłko Indie
76%
Banan Indie
76%
Pomarańcz Indie
76%
Awokado Kolumbia
76%
Malina Meksyk
76%
Awokado Meksyk
76%
Pomarańcz Meksyk
76%
Borówka Meksyk
76%
Borówka Chile
68%
Jabłko Turcja
66%
Awokado Peru
64%
Borówka Peru
64%
Banan Indonezja
62%
Awokado Indonezja
62%
Ananas Indonezja
62%
Daktyl Egipt
58%
Kiwi Nowa Zelandia
48%
Daktyl Arabia Saudyjska
42%
Banan Ekwador
42%
Daktyl Iran
42%
Kiwi Iran
42%
Daktyl Algieria
38%
Daktyl Irak
38%
Ananas Filipiny
28%
Ananas Kostaryka
18%
Malina Serbia
12%
Awokado Dominikana
2%
Nie znaleziono quizów pasujących do podanych kryteriów
Rozkład punktacji
Procent ludzi z każdym wynikiem
Percentyl według liczby udzielonych odpowiedzi
Twoja historia wyników
Nie rozwiązałeś tego quizu